Statistics for Official Disney Princesses

Click here to take the quiz!

General Stats

  • This quiz has been taken 47 times
    (37 since last reset)
  • The average score is 11 of 14

Answer Stats

Princess% Correct
Aurora
92%
Cinderella
92%
Snow White
92%
Belle
88%
Jasmine
85%
Tiana
85%
Ariel
81%
Elsa
77%
Mulan
77%
Rapunzel
77%
Anna
73%
Merida
73%
Moana
65%
Pocohontas
27%

Score Distribution

Percentile by Number Answered

Percent of People with Each Score

Your Score History

You have not taken this quiz since the last reset